| 000 | 00344 a2200157 4500 | ||
|---|---|---|---|
| 001 | 59822 | ||
| 020 | _a9783789135170 | ||
| 040 | _cAnchieta - Pituba | ||
| 100 | _aFessel, Karen-Susan | ||
| 240 | 1 | 0 |
_aFeuer im kopf _lpor |
| 245 | 1 | 0 | _aFeuer im kopf |
| 300 | _a286 | ||
| 362 | 0 | _a2008 | |
| 650 | 4 | _aLiteratura juvenil em alemão | |
| 942 | _cBK | ||
| 999 |
_c59822 _d59822 |
||